Digital telephony (Record no. 3592)

000 -LEADER
fixed length control field 00571nam a2200217 a 4500
001 - CONTROL NUMBER
control field 3592
003 - CONTROL NUMBER IDENTIFIER
control field BD-DhUET
008 - FIXED-LENGTH DATA ELEMENTS--GENERAL INFORMATION
fixed length control field 900501s1991 nyua b 001 0 eng
020 ## - INTERNATIONAL STANDARD BOOK NUMBER
International Standard Book Number 0471620564
040 ## - CATALOGING SOURCE
Original cataloging agency DLC
Transcribing agency DLC
Modifying agency BD-DhUET
082 ## - DEWEY DECIMAL CLASSIFICATION NUMBER
Classification number 623.85
Item number BEL/1991
100 ## - MAIN ENTRY--PERSONAL NAME
Personal name Bellamy, John
245 10 - TITLE STATEMENT
Title Digital telephony
250 ## - EDITION STATEMENT
Edition statement 2nd ed.
260 ## - PUBLICATION, DISTRIBUTION, ETC. (IMPRINT)
Place of publication, distribution, etc. New York
Name of publisher, distributor, etc. John wiley & sons
Date of publication, distribution, etc. 1991
300 ## - PHYSICAL DESCRIPTION
Extent xix, 572 p.
Other physical details ill.
Dimensions 25 cm.
490 ## - SERIES STATEMENT
Series statement Wiley Series in telecommunications
504 ## - BIBLIOGRAPHY, ETC. NOTE
Bibliography, etc Includes bibliographies
650 #0 - SUBJECT ADDED ENTRY--TOPICAL TERM
Topical term or geographic name as entry element Digital telephony
942 ## - ADDED ENTRY ELEMENTS (KOHA)
Koha item type General Book
Holdings
Koha date last seen Copy number Price effective from Sublocation or collection (holding branch) Piece designation (barcode) Koha full call number Lost status Date acquired Damaged status Koha item type Withdrawn status Koha issues (times borrowed) Shelving location Location (home branch) Source of classification or shelving scheme Koha normalized classification for sorting Koha date last borrowed Not for loan
2016-02-0612014-11-02Central Library, BUET83618623.85/BEL/1991 2014-11-02 General Book 2Circulation sectionCentral Library, BUET 623_000000000000000_85BEL19912015-10-10 
2017-08-2622014-11-02Central Library, BUET83620623.85/BEL/1991 2014-11-02 General Book  Circulation sectionCentral Library, BUET 623_000000000000000_85BEL1991  
2017-08-1632014-11-02Central Library, BUET83623623.85/BEL/1991 2014-11-02 General Book  Circulation sectionCentral Library, BUET 623_000000000000000_85BEL1991  
2024-02-2042014-11-02Central Library, BUET86339623.85/BEL/1991 2014-11-02 General Book 2Circulation sectionCentral Library, BUET 623_850000000000000_BEL_19912023-03-07 
2015-07-0152015-07-01Central Library, BUET87594623.85/BEL/1991 2015-07-01 Reading Item  Reading sectionCentral Library, BUET 623_850000000000000_BEL_1991  
2024-12-09ক-১2024-12-09Central Library, BUET83563623.85 BEL/1991 1992-06-06 Rental Item  Rental sectionCentral Library, BUET 623_850000000000000_BEL_1991  
2024-12-09ক-২2024-12-09Central Library, BUET83564623.85 BEL/1991 1992-06-06 Rental Item  Rental sectionCentral Library, BUET 623_850000000000000_BEL_1991  
2024-12-09ক-৩2024-12-09Central Library, BUET83565623.85 BEL/1991 1992-06-06 Rental Item  Rental sectionCentral Library, BUET 623_850000000000000_BEL_1991  
2024-12-09ক-৪2024-12-09Central Library, BUET83566623.85 BEL/1991 1992-06-06 Rental Item  Rental sectionCentral Library, BUET 623_850000000000000_BEL_1991  
2024-12-09ক-৫2024-12-09Central Library, BUET83567623.85 BEL/1991 1992-06-06 Rental Item  Rental sectionCentral Library, BUET 623_850000000000000_BEL_1991  
2024-12-09ক-৬2024-12-09Central Library, BUET83568623.85 BEL/1991 1992-06-06 Rental Item  Rental sectionCentral Library, BUET 623_850000000000000_BEL_1991  
2024-12-09ক-৭2024-12-09Central Library, BUET83569623.85 BEL/1991 1992-06-06 Rental Item  Rental sectionCentral Library, BUET 623_850000000000000_BEL_1991  
2024-12-09ক-৮2024-12-09Central Library, BUET83570623.85 BEL/1991 1992-06-06 Rental Item  Rental sectionCentral Library, BUET 623_850000000000000_BEL_1991  
2024-12-09ক-৯2024-12-09Central Library, BUET83571623.85 BEL/1991 1992-06-06 Rental Item  Rental sectionCentral Library, BUET 623_850000000000000_BEL_1991  
2024-12-09ক-১০2024-12-09Central Library, BUET83572623.85 BEL/1991 1992-06-06 Rental Item  Rental sectionCentral Library, BUET 623_850000000000000_BEL_1991  
2024-12-09ক-১১2024-12-09Central Library, BUET83573623.85 BEL/1991 1992-06-06 Rental Item  Rental sectionCentral Library, BUET 623_850000000000000_BEL_1991  
2024-12-09ক-১২2024-12-09Central Library, BUET83574623.85 BEL/1991 1992-06-06 Rental Item  Rental sectionCentral Library, BUET 623_850000000000000_BEL_1991  
2024-12-09ক-১৩2024-12-09Central Library, BUET83575623.85 BEL/1991 1992-06-06 Rental Item  Rental sectionCentral Library, BUET 623_850000000000000_BEL_1991  
2024-12-09ক-১৪2024-12-09Central Library, BUET83576623.85 BEL/1991 1992-06-06 Rental Item  Rental sectionCentral Library, BUET 623_850000000000000_BEL_1991  
2024-12-09ক-১৫2024-12-09Central Library, BUET83577623.85 BEL/1991 1992-06-06 Rental Item  Rental sectionCentral Library, BUET 623_850000000000000_BEL_1991